Central Library OPAC University of Rajshahi

Visual Basic 6 : (Record no. 68450)

MARC details
000 -LEADER
fixed length control field 00733nam a2200241 a 4500
001 - CONTROL NUMBER
control field 68450
003 - CONTROL NUMBER IDENTIFIER
rucl marc code BD-RjUL
005 - DATE AND TIME OF LATEST TRANSACTION
control field 20211209081756.0
008 - FIXED-LENGTH DATA ELEMENTS--GENERAL INFORMATION
fixed length control field 170313r20061999caua 001 0 eng
020 ## - INTERNATIONAL STANDARD BOOK NUMBER
International Standard Book Number 0074636669
035 ## - SYSTEM CONTROL NUMBER
System control number (BD-RjUL)68660
040 ## - CATALOGING SOURCE
Original cataloging agency DLC
Transcribing agency DLC
Modifying agency DLC
-- BD-RjUL
Language of cataloging eng
041 ## - LANGUAGE CODE
Language code of text/sound track or separate title eng
082 00 - DEWEY DECIMAL CLASSIFICATION NUMBER
Edition number 23
Classification number 005.2768
Author mark and year JEV 2006
100 1# - MAIN ENTRY--PERSONAL NAME
Personal name Jerke, Noel
9 (RLIN) 202922
245 10 - TITLE STATEMENT
Title Visual Basic 6 :
Remainder of title the complete reference /
Statement of responsibility, etc. Noel Jerke
260 ## - PUBLICATION, DISTRIBUTION, ETC. (IMPRINT)
Place of publication, distribution, etc. New Delhi :
Name of publisher, distributor, etc. Tata McGraw-Hill, 1999
Date of publication, distribution, etc. c1997 [reprinted 2006]
300 ## - PHYSICAL DESCRIPTION
Pagination 788 p. :
Illustrations ill. ;
Size 23 cm.
500 ## - GENERAL NOTE
General note Includes index.
650 #0 - SUBJECT ADDED ENTRY--TOPICAL TERM
Topical term or geographic name as entry element Client/server computing.
9 (RLIN) 195047
Topical term or geographic name as entry element Visual Basic (Computer program language)
9 (RLIN) 195173
942 ## - ADDED ENTRY ELEMENTS (KOHA)
Source of classification or shelving scheme Dewey Decimal Classification
Koha item type Books
Holdings
Lost status Source of classification or shelving scheme Damaged status Not for loan Collection code Permanent Location Current Location Shelving location Date acquired Source of acquisition Cost, normal purchase price Total Checkouts Full call number Date last seen Copy number Koha item type
  Dewey Decimal Classification   Not For Loan Non-fiction Central Library, University of Rajshahi Central Library, University of Rajshahi   08/06/2008 Paragon Enterprise ltd., Dhaka 475.00   005.2768 JEV 2006 03/04/2017 C-1 Books